Technologické iluze ke kritice teorií stadií růstu
Uložené v:
| Hlavný autor: | |
|---|---|
| Médium: | Kniha |
| Jazyk: | Czech |
| Vydavateľské údaje: |
Praha
Academia
1986
|
| Tagy: |
Žiadne tagy, Buďte prvý, kto otaguje tento záznam!
|
MARC
| LEADER | 00000nam a2200000 4500 | ||
|---|---|---|---|
| 001 | c104250 | ||
| 005 | 20041019155131.5 | ||
| 041 | 0 | |a cze | |
| 044 | |a CZ | ||
| 245 | 1 | 0 | |a Technologické iluze |b ke kritice teorií stadií růstu |c Oskar Krejčí |
| 264 | 1 | |a Praha |b Academia |c 1986 | |
| 300 | |a 182 s. | ||
| 100 | 1 | |a Krejčí, Oskar | |